Vysokorychlostní železnice se vyplatí

Väčšina energie pre mobilitu čerpaná z uhlovodíkových palív vyrábaných z ropy. Ropa ako neobnoviteľný druh energie, ktorého zásoby sa míňajú. Alternatívne pohony - elektromobilita. Biela kniha o doprave. Vysokorýchlostné železnice v Európe. Vysokorýchlostná železnica v Čechách. Trate na vysoké rýchl...

Descripción completa

Guardado en:
Detalles Bibliográficos
Autor principal: Pohl, Jiří
Formato: Capítulo de libro
Lenguaje:checo
Materias:
Etiquetas: Agregar Etiqueta
Sin Etiquetas, Sea el primero en etiquetar este registro!

MARC

LEADER 00000naa a2200000 4500
001 0148572
005 20231211075104.7
041 0 |a cze 
044 |a CZ 
245 1 0 |a Vysokorychlostní železnice se vyplatí  |c Jiří Pohl 
520 |a Väčšina energie pre mobilitu čerpaná z uhlovodíkových palív vyrábaných z ropy. Ropa ako neobnoviteľný druh energie, ktorého zásoby sa míňajú. Alternatívne pohony - elektromobilita. Biela kniha o doprave. Vysokorýchlostné železnice v Európe. Vysokorýchlostná železnica v Čechách. Trate na vysoké rýchlosti. Primárny cieľ vysokorýchlostného železničného systému - energetická bezpečnosť štátu. 
610 2 0 |a doprava železničná osobná 
610 2 0 |a energia elektrická 
610 2 0 |a bezpečnosť energetická 
610 2 0 |a ropa 
610 2 0 |a Európska únia 
610 2 0 |a Česko 
100 1 |a Pohl, Jiří